00728nam a2200193Ia 4500001000700000003000500007008004100012010001100053040000900064100002800073245019700101260004100298300001000339502007600349650002600425650002900451650002200480700003200502Z_5079CHAP220113s2004 xx 000 0 und d a168136 cCHAP aRamírez Luna, Gustavo aEvaluación del uso de alfalfa (Medicago sativa) y maíz (Zea mays) orgánicos, en la engorda de conejos (Oryctolagus cuniculus) /cpor Gustavo Ramírez Luna y Benjamín Quiñones Cruz aChapingo, Méx. :bEl autor,c2004 a58 h. aTesis (Ing. Agr. Esp. en Zootecnia) -- UACH. Departamento de Zootecnia aAlimentos orgánicos aConejosxAlimentación  aConejosxEngorda  aQuiñones Cruz, Benjamín